Loading...
| Fine Arts - Other | 0 | 3 | 0 | 0 | 30 | 66 | 99.00 | 0 | 2 | 5.69 | 14.77 |
| Literature - European | 0 | 3 | 0 | 0 | 30 | 82 | 109.67 | 0 | 0 | 6.42 | 11.36 |
| Literature - World | 0 | 2 | 0 | 1 | 20 | 94 | 119.00 | 0 | 0 | 3.07 | 6.82 |
| Science - Physics | 0 | 2 | 1 | 2 | 15 | 119 | 122.50 | 0 | 1 | 0.00 | 3.41 |
| Mythology | 0 | 1 | 0 | 0 | 10 | 97 | 97.00 | 0 | 0 | 1.86 | 5.68 |
| History - European | 0 | 1 | 0 | 0 | 10 | 101 | 101.00 | 0 | 0 | 2.03 | 3.41 |
| History - Other | 0 | 1 | 0 | 0 | 10 | 86 | 86.00 | 0 | 0 | 3.30 | 1.14 |
| Science - Biology | 0 | 1 | 0 | 1 | 10 | 114 | 114.00 | 0 | 1 | 0.00 | 1.14 |
| Social Science | 0 | 1 | 1 | 1 | 5 | 115 | 115.00 | 0 | 0 | 0.59 | 3.41 |
| History - World | 0 | 1 | 1 | 0 | 5 | 89 | 89.00 | 0 | 1 | 2.29 | 7.95 |
| Philosophy | 0 | 2 | 3 | 0 | 5 | 69 | 84.50 | 1 | 1 | 4.63 | 14.77 |
| Science - Chemistry | 0 | 1 | 1 | 0 | 5 | 102 | 102.00 | 0 | 0 | 1.17 | 2.27 |
| Literature - American | 0 | 0 | 0 | 0 | 0 | 0.00 | 0 | 0 | 0.00 | 0.00 | |
| Fine Arts - Classical Music | 0 | 0 | 0 | 0 | 0 | 0.00 | 0 | 0 | 0.00 | 0.00 | |
| Science - Other | 0 | 0 | 0 | 0 | 0 | 0.00 | 0 | 0 | 0.00 | 0.00 | |
| Fine Arts - Painting and Sculpture | 0 | 0 | 0 | 0 | 0 | 0.00 | 0 | 0 | 0.00 | 0.00 | |
| Religion | 0 | 0 | 1 | 0 | -5 | 0.00 | 0 | 0 | 0.00 | 0.00 | |
| Literature - British | 0 | 0 | 1 | 0 | -5 | 0.00 | 0 | 0 | 0.00 | 0.00 |